Southville International School and Colleges
Your cart is empty.
  • Cart
  • Lists
    Public lists Eva Luna New books Lux_list list_1
    Your lists Log in to create your own lists
  • Log in to your account
  • Your cookies
  • Search history
Southville International School and Colleges
  • Advanced search
  • Recent comments
  • Most popular
  • Libraries

Log in to your account

Log in with GOOGLE


If you do not have an external account, but do have a local account, you can still log in:

  1. Home
  2. MARC view: Managerial accounting
Normal view MARC view ISBD view

Managerial accounting (Record no. 367341)

[ view plain ]
MARC details
000 -LEADER
fixed length control field 00644nam a22002177a 4500
003 - CONTROL NUMBER IDENTIFIER
control field 0
005 - DATE AND TIME OF LATEST TRANSACTION
control field 20250326104003.0
008 - FIXED-LENGTH DATA ELEMENTS--GENERAL INFORMATION
fixed length control field 250326b xxu||||| |||| 00| 0 eng d
020 ## - INTERNATIONAL STANDARD BOOK NUMBER
International Standard Book Number 978-1-265-11789-4
050 ## - LIBRARY OF CONGRESS CALL NUMBER
Classification number HF 5657.4
Item number .W495 2023
100 ## - MAIN ENTRY--PERSONAL NAME
Personal name Whitecotton, Stacey
245 ## - TITLE STATEMENT
Title Managerial accounting
Statement of responsibility, etc Stacey Whitecotton and two others
250 ## - EDITION STATEMENT
Edition statement Fifth edition
260 ## - PUBLICATION, DISTRIBUTION, ETC. (IMPRINT)
Place of publication, distribution, etc New York
Name of publisher, distributor, etc McGraw-Hill
Date of publication, distribution, etc 2023
300 ## - PHYSICAL DESCRIPTION
Extent xxix, 623 pages ;
Dimensions 28cm.
504 ## - BIBLIOGRAPHY, ETC. NOTE
Bibliography, etc Includes glossary, index, and appendices.
650 ## - SUBJECT ADDED ENTRY--TOPICAL TERM
Topical term or geographic name as entry element Managerial accounting.
700 ## - ADDED ENTRY--PERSONAL NAME
Personal name Libby, Robert.
700 ## - ADDED ENTRY--PERSONAL NAME
Personal name Phillips, Fred.
942 ## - ADDED ENTRY ELEMENTS (KOHA)
Source of classification or shelving scheme Library of Congress Classification
Koha item type Books
Holdings
Withdrawn status Lost status Source of classification or shelving scheme Damaged status Home library Current library Shelving location Date acquired Source of acquisition Sub Shelving location Total Checkouts Full call number Barcode Date last seen Price effective from Koha item type
    Library of Congress Classification   College Library College Library Graduate Section 03/26/2025 Library Fund     HF 5657.4 .W495 2023 C24307 03/26/2025 03/26/2025 Books

Managerial accounting

APA

Whitecotton S., Libby R. & Phillips F. (2023). Managerial accounting. New York: McGraw-Hill.

Chicago

Whitecotton Stacey, Libby Robert and Phillips Fred. 2023. Managerial accounting. New York: McGraw-Hill.

Harvard

Whitecotton S., Libby R. and Phillips F. (2023). Managerial accounting. New York: McGraw-Hill.

MLA

Whitecotton Stacey, Libby Robert and Phillips Fred. Managerial accounting. New York: McGraw-Hill. 2023.

  • Place hold
  • Print
  • Cite
  • Add to your cart (remove)
  • Save record
    BIBTEX Dublin Core MARCXML MARC (non-Unicode/MARC-8) MARC (Unicode/UTF-8) MARC (Unicode/UTF-8, Standard) MODS (XML) RIS
  • More searches
    Search for this title in:
    Other Libraries (WorldCat) Other Databases (Google Scholar) Online Stores (Bookfinder.com) Open Library (openlibrary.org)

Exporting to Dublin Core...

SOUTHVILLE LIBRARY

Southville International School and Colleges Library

1281 Tropical Ave. Cor. Luxembourg St., BF Homes International, Las Pinas City

Tel. No. 8256374 / 252358 Loc. 117/146

Powered by Koha